| 000 | 00729cam a2200289 4500 | ||
|---|---|---|---|
| 008 | 090401t1996 xxu||||| |||| 00| 0 eng d | ||
| 020 | _a0406081891 | ||
| 035 | _a(Sirsi) u24009 | ||
| 041 | _aeng | ||
| 050 | _a346.4104343 | ||
| 100 | _aMcLoughlin, Patrick | ||
| 245 | _aCommercial leases and insolvency. | ||
| 250 | _a2nd ed. | ||
| 260 |
_aLondon _bButterworths _c1996 |
||
| 300 | _axxxiv,241p. ; 25cm. | ||
| 350 | _a40 | ||
| 650 | _aADMINISTRATION | ||
| 650 | _aBANKRUPTCY | ||
| 650 | _aBUSINESS TENANCIES | ||
| 650 | _aDISTRESS FOR RENT | ||
| 650 | _aLEASES | ||
| 650 | _aLIQUIDATION | ||
| 650 | _aRECEIVERSHIP | ||
| 690 | _aLANDLORD AND TENANT-BUSINESS TENANCIES | ||
| 942 | _n0 | ||
| 948 | _c04/03/1997 | ||
| 999 |
_c88482 _d88482 |
||